000 00431cam a22001217a 4500
008 180718b-- xxu||||| |||| 00| 0 eng d
082 _aL806x5441 F
245 _aFinance accounts, Gujarat
260 _aGandhinagar
_bComptroller and Auditor General of India
_c--
500 _aLibrary has 1996/97-1998/99, 2003/04
650 _aFinance, Public - Auditing - India - Gujarat
700 _aGujarat. Comptroller and Auditor General of India
999 _c481623
_d481623